| 000 | 00375 a2200133 4500 | ||
|---|---|---|---|
| 001 | 93268 | ||
| 082 | _aPR 2600 | ||
| 090 |
_c44782 _d44783 |
||
| 100 | _aQasim Sabir; Prof Ibraheem Hanif & Hassan (Advisors) | ||
| 245 |
_aRecovery of WFC-1G Engine Ramp Tester of F-7PG Aircraft _n80'A' EC |
||
| 260 |
_aIslamabad _bNUST _c2016 |
||
| 300 | _a75p. | ||
| 500 | _aBE Project Report | ||
| 942 |
_aCAE NUST _kPR 2600 |
||
| 999 |
_c328341 _d328341 |
||